Представление документа в формате RUSMARC

ПолеНазваниеЗначение
  Тип записи a
  Библиографический уровень a
001 Контрольный номер RU/CBS_UL/BASE/2f8cdf76eb3740f89f6b7bc111acc00b
005 Дата корректировки 20260204113050.3
100 Данные общей обработки __
a Данные общей обработки 20260204 ||| 0rusy0189 ca
101 Язык документа 0_
a Язык текста rus
102 Страна публикации __
a Страна публикации RU
200 Заглавие и сведения об ответственности 1_
a Заглавие Есть улица центральная
e Сведения, относящиеся к заглавию [история улицы Гончарова]
f Первые сведения об ответственности В. Стасов
300 Общие примечания __
a Общие примечания 16+
461 Уровень набора _0
1 2000
a Народная газета
463 Уровень физической единицы _0
1 2000
a № 5 (4 февр.)
v С. 22
1 2101
d 2026
1 001RU/CBS_UL/BASE/9f84fe831e1f4a17968cdea0a4ab948b
606 Тематические рубрики 0_
a Основная рубрика Гончарова, улица (Ульяновск, город) - История
610 Ключевые слова 0_
a Ключевые слова история улиц
610 Ключевые слова 0_
a Ключевые слова Гончарова (улицы)
610 Ключевые слова 0_
a Ключевые слова улицы города
610 Ключевые слова 0_
a Ключевые слова Большая Саратовская (улицы)
686 Индексы других классификаций __
a Классификационный индекс 63.3(2Рос235.54)
700 Автор _1
a Фамилия Стасов
b Имя (инициалы) В.
801 Источник записи _0
a Страна RU
b Организация МБУК ЦБС г. Ульяновска
c Дата составления 20260204
g Правила каталогизации RCR
801 Источник записи _1
a Страна RU
b Организация МБУК ЦБС г. Ульяновска
c Дата составления 20260204
g Правила каталогизации RCR
901 Тип документа __
t Тип документа f
w Контрольный № источника RU/CBS_UL/BASE/9f84fe831e1f4a17968cdea0a4ab948b
909 Создатель записи __
a Создатель записи mbo